The Besieged : criminal offences, derelication of duties and subversion of democracy in Bastar region (Record no. 492161)

000 -LEADER
fixed length control field 00433cam a22001337a 4500
008 - FIXED-LENGTH DATA ELEMENTS--GENERAL INFORMATION
fixed length control field 180718b2002 xxu||||| |||| 00| 0 eng d
082 ## - DEWEY DECIMAL CLASSIFICATION NUMBER
Classification number K18x54 Sh23
100 ## - MAIN ENTRY--PERSONAL NAME
Personal name Sharma B.D.
245 ## - TITLE STATEMENT
Title The Besieged : criminal offences, derelication of duties and subversion of democracy in Bastar region
Statement of responsibility, etc. by B.D. Sharma
260 ## - PUBLICATION, DISTRIBUTION, ETC.
Place of publication, distribution, etc. New Delhi
Name of publisher, distributor, etc. Sahyog Pustak Kuteer
Date of publication, distribution, etc. 2002
300 ## - PHYSICAL DESCRIPTION
Extent 144p.
650 ## - SUBJECT ADDED ENTRY--TOPICAL TERM
Topical term or geographic name entry element Bureaucracy
650 ## - SUBJECT ADDED ENTRY--TOPICAL TERM
Topical term or geographic name entry element Civil service
Holdings
Withdrawn status Lost status Damaged status Not for loan Permanent Location Current Location Date acquired Full call number Barcode Date last seen Price effective from Koha item type
        Indian Institute of Public Administration Indian Institute of Public Administration 2018-08-04 K18x54 Sh23 GR16070 2018-08-04 2018-08-04 GR

Powered by Koha